| 000 | 02277nam a2200397 i 4500 | ||
|---|---|---|---|
| 003 | EG-ScBUE | ||
| 005 | 20231207093457.0 | ||
| 008 | 100824s2001 ua bo f b 001 0 ara d | ||
| 020 | _a9770173363 (مج. 1) | ||
| 020 | _a9770173371 (مج. 3) | ||
| 020 | _a977017338X (مج. 3) | ||
| 020 | _a9770173398 (مج. 4) | ||
| 020 | _a9770173401 (مج. 5) | ||
| 020 | _a977017341X (مج. 6) | ||
| 020 | _a9770173428 (مج. 7) | ||
| 020 | _a9770173436 (8 .مج) | ||
| 040 |
_aEG-SbBUE _bara _erda _cEG-SbBUE _dEG-ScBUE |
||
| 082 | 0 | 4 |
_a946.8 _bع ن ا _222 |
| 100 | 1 |
_aعنان، محمد عبد الله، _eمؤلف. _917646 |
|
| 245 | 1 | 0 |
_aدولة الإسلام في الأندلس / _cمحمد عبد الله عنان. |
| 264 | 1 |
_aالقاهرة : _bالهيئة المصرية العامة للكتاب، _c2001. |
|
| 300 |
_a8 مجلدات : _bصور، خرائط ؛ _c24 سم. |
||
| 336 |
_2rdacontent _aنص _btxt |
||
| 337 |
_aبدون وسيط _2rdamedia _bn |
||
| 338 |
_aمجلد _bnc _2rdacarrier |
||
| 490 | 0 |
_aمكتبة الأسرة. _aالأعمال الفكرية |
|
| 504 | _aيشتمل على إرجاعات ببليوجرافية وكشافات. | ||
| 505 | 0 | _aالمجلد الأول. من الفتح إلي بداية الناصر -- المجلد الثاني. الخلافة الأموية والدولة العامرية -- المجلد الثالث. دول الطوائف منذ قيامها حتى الفتح الرابطي -- المجلد الرابع. عصر المرابطين وزبداية الدولة الموحدية -- المجلد الخامس. عصر الموحدين -- المجلد السادس. عصر الموحديين وإنهيار الأندلس -- المجلد السابع. نهاية الأندلس وتاريخ العرب المتنصرين -- المجلد الثامن. الآثار الأندلسية الباقية في أسبانيا والبرتغال . | |
| 650 | 7 |
_aالموحدون. _2BUEsh _922172 |
|
| 650 | 7 |
_aالمرابطون. _2BUEsh _922171 |
|
| 651 | 7 |
_aالأندلس _xتاريخ _yالعصر الإسلامي. _922173 _2BUEsh |
|
| 651 | 7 |
_aالأندلس _xتاريخ _yملوك مرسية _922176 _2BUEsh |
|
| 653 |
_bARALIT _cAugust2015 |
||
| 655 | _vReading book | ||
| 942 |
_k946.8 ع ن ا _2ddc |
||
| 999 |
_c6949 _d6949 |
||